000 00492nam a22001817a 4500
003 CEME
005 20210628205531.0
008 210308b xxu||||| |||| 00| 0 eng d
020 _a1-86058-022-X
040 _c.
082 _a629.2 AUT
100 _aMep
_975922
245 _aAutomotive systems sensors and signalling institute of mech eng seminar publication
260 _aLONDON
_bMEP
_c1996
300 _a79P
650 _aAUTOMOTIVE SENSORS AND SIGNALLING
_975923
942 _cBK
_2ddc
999 _c581331
_d581331